UK Residential Market Survey (Record no. 121764)
[ view plain ]
| 000 -LEADER | |
|---|---|
| fixed length control field | 01135nam a22002057a 4500 |
| 008 - FIXED-LENGTH DATA ELEMENTS--GENERAL INFORMATION | |
| fixed length control field | 231110e20231211xxk|||||o|||| 00| 0 eng d |
| 041 ## - LANGUAGE CODE | |
| Language code of text/sound track or separate title | eng |
| 110 ## - MAIN ENTRY--CORPORATE NAME | |
| Corporate author | Royal Institution of Chartered Surveyors |
| 245 ## - TITLE STATEMENT | |
| Title | UK Residential Market Survey |
| Subtitle | November 2023 |
| Medium | [Electronic resource] |
| 260 ## - PUBLICATION INFORMATION | |
| Place of publication | London, |
| Publisher | Royal Institution of Chartered Surveyors, |
| Date | December 2023 |
| 300 ## - PHYSICAL DESCRIPTION | |
| Physical description | 19p |
| 490 ## - SERIES TITLE | |
| Series statement | RICS UK Residential Market Survey |
| 520 ## - ABSTRACT | |
| Abstract | The November 2023 RICS UK Residential Survey results point to an improved outlook for the housing market, with the improvement in sentiment supported by a small easing in mortgage rates over recent weeks. However, sales in the near term are only marginally positive, and other indicators remain in negative territory. |
| 650 ## - KEYWORDS | |
| Keywords | HOUSING MARKET |
| 650 ## - KEYWORDS | |
| Keywords | RESIDENTIAL PROPERTY |
| 651 ## - SUBJECT ADDED ENTRY--GEOGRAPHIC NAME | |
| Geographic name | United Kingdom |
| 710 ## - ADDED CORPORATE NAME | |
| Added corporate author | Royal Institution of Chartered Surveyors |
| 856 ## - ONLINE RESOURCE | |
| Uniform Resource Identifier | <a href="https://www.rics.org/content/dam/ricsglobal/documents/market-surveys/uk-residential-market-survey/11._WEB_November_2023_RICS_UK_Residential_Market_Survey_tp.pdf">https://www.rics.org/content/dam/ricsglobal/documents/market-surveys/uk-residential-market-survey/11._WEB_November_2023_RICS_UK_Residential_Market_Survey_tp.pdf</a> |
| Public note | Available free on RICS.org |
| 942 ## - ADDED ENTRY ELEMENTS (KOHA) | |
| Suppress in OPAC | Do not suppress in OPAC |
| Lost status | Damaged status | Not for loan | Current library | Shelving location | Date acquired | Total Checkouts | Full call number | Date last seen | Price effective from | Koha item type |
|---|---|---|---|---|---|---|---|---|---|---|
| Virtual | Online | 05/01/2024 | MARKET DATA | 05/01/2024 | 05/01/2024 | Online material |